|
|
|
|
| LEADER |
00000nab a2200000 a 4500 |
| 001 |
vtls000626829 |
| 003 |
SK-MaSNL |
| 005 |
20260304094654.0 |
| 008 |
250425c1997 xo 0 slo |
| 015 |
|
|
|a SNBRB19rr/mm-uuuuu
|
| 035 |
|
|
|a CL0626968
|
| 035 |
|
|
|a urn:nbn:sk:snk-abgkk
|
| 035 |
|
|
|a (urnnbn)urn:nbn:sk:snk:ar-a036r6
|
| 035 |
|
|
|a (uuid)fc53c5fd-9a35-4dc4-b8da-20c6d1ea6b39
|
| 040 |
|
|
|a SNKBUCL
|b slo
|c SNKBUCL
|e AACR2
|
| 041 |
0 |
|
|a slo
|
| 044 |
|
|
|a xo
|c SK
|
| 080 |
|
|
|a 908.437.613(048)
|2 1981
|
| 080 |
|
|
|a 943.76(048)
|2 1981
|
| 100 |
1 |
|
|a Slavkovský, Peter,
|d 1945-
|4 aut
|9 102194
|
| 245 |
1 |
0 |
|a J. Tibenský: Poctivá obec budmerická
|c Peter Slavkovský
|
| 651 |
|
7 |
|a Budmerice (Slovensko)
|2 snkbucl
|9 57153
|
| 655 |
|
7 |
|a články z novín a časopisov
|2 snkbucl
|9 267496
|
| 700 |
1 |
|
|a Tibenský, Ján,
|d 1923-2012
|4 aut
|9 105452
|
| 773 |
0 |
|
|t Slovenský národopis
|g Roč. 45, č. 1 (1997), s. 134-135
|x 1335-1303
|
| 787 |
0 |
8 |
|i Rec.:
|a Tibenský, Ján
|t Poctivá obec budmerická
|d Budmerice : RAK, 1996
|
| 850 |
|
|
|a Slovenská národná knižnica
|
| 852 |
|
|
|a Slovenská národná knižnica
|
| 954 |
|
|
|a odborná, vedecká literatúra pôvodná (slovenská)
|2 lita
|
| 957 |
|
|
|a 5201
|
| 958 |
|
|
|a article27
|
| 958 |
|
|
|a SK
|
| 958 |
|
|
|a RK
|
| 958 |
|
|
|a OND
|
| 958 |
|
|
|a EUIPO
|
| 992 |
|
|
|a RBX
|
| 999 |
|
|
|c 2828284
|d 2830214
|